Reverse Dictionary #65 - Statistics

General Stats
  • This quiz has been taken 36 times
  • The average score is 19 of 25
Answer Stats
Definition First
Letter
Word % Correct
The direction towards the pole to the left-hand side of someone facing east, specifically 0°. N North
100%
A tool, originally made from a feather but now usually a small tubular instrument, containing ink used to write or make marks. P Pen
100%
A female sibling. S Sister
96%
(finance) Money that one person or entity owes or is required to pay to another, generally as a result of a loan or other financial transaction. D Debt
93%
To split or separate (something) into two or more parts. D Divide
93%
An optical or other representation of a real object; a graphic; a picture. I Image
93%
The act of stealing property. T Theft
93%
Lacking in taste or flavor. B Bland
89%
Fully developed; grown up in terms of physical appearance, behaviour or thinking; ripe. M Mature
89%
To turn something around so that it faces the opposite direction or runs in the opposite sequence. R Reverse
89%
Not related to the military, police or other governmental professions. C Civilian
86%
A gentle bend, such as in a road. C Curve
86%
To turn thread or yarn into a piece of fabric by forming loops that are pulled through each other. This can be done by hand with needles or by machine. K Knit
86%
A cabinet, closet, or other piece of furniture with shelves intended for storing cookware, dishware, or food; similar cabinets or closets used for storing other items. C Cupboard
82%
A sandwich consisting of a sausage in an open bun. H Hotdog
82%
To propel oneself rapidly upward, downward and/or in any horizontal direction such that momentum causes the body to become airborne. J Jump
82%
To seize (someone) with the authority of the law; to take into legal custody. A Arrest
75%
(business) Any business, whether incorporated or not, that manufactures or sells products (also known as goods), or provides services as a commercial venture. C Company
68%
A natural or inherent impulse or behaviour. I Instinct
68%
(botany) A product of fertilization in a plant, specifically the seed-bearing part of a plant: often edible, colourful, fragrant, and sweet or sour; produced from a floral ovary after fertilization. F Fruit
64%
Built or designed as to be usable by people with disabilities. A Accessible
54%
A thing formed by the enlargement, broadening, or development of something. E Expansion
32%
Approved by authority; authorized. O Official
29%
An inherently advantageous or excellent quality of something or someone; a favourable point, an advantage. V Virtue
29%
Any small article used in sewing and haberdashery, either for attachment to garments or as a tool, such as a button, zipper, or thimble. N Notion
18%
No matching quizzes found
Score Distribution
Percent of People with Each Score
Percentile by Number Answered
Your Score History
You have not taken this quiz